Statistics for Most Populous Countries Never Visited by a US President

Click here to take the quiz!

General Stats

  • This quiz has been taken 64 times
    (13 since last reset)
  • The average score is 15 of 24

Answer Stats

Population Country % Correct
18,541,980Mali
92%
81,339,988D.R. Congo
92%
41,318,142Algeria
92%
21,477,348Niger
85%
40,533,330Sudan
85%
29,784,193Angola
85%
14,899,994Chad
85%
12,575,714South Sudan
77%
19,193,382Burkina Faso
77%
29,668,834Mozambique
77%
24,053,727Cameroon
69%
25,570,895Madagascar
69%
17,094,130Zambia
69%
16,529,904Zimbabwe
69%
29,304,998Nepal
62%
20,876,917Sri Lanka
54%
28,250,420Yemen
54%
18,622,104Malawi
54%
18,204,499Kazakhstan
54%
31,910,641Uzbekistan
54%
12,717,176Guinea
31%
10,864,245Burundi
31%
11,051,600Bolivia
23%
10,766,998Dominican Republic
0%

Score Distribution

Percentile by Number Answered

Percent of People with Each Score

Your Score History

You have not taken this quiz since the last reset